Middleton's allergy essentials /

Hlavní autor: O'Hehir, Robyn E. 1954-
Další autoři: Holgate, S. T., 1947-, Sheikh, Aziz
Jazyk: Angličtina
Vydáno: Edinburgh ; Elsevier, [2017]
Vydání: First edtion
Témata:
Fyzický popis: ix, 408 stran : barevné ilustrace ; 29 cm
Knihy
Uloženo v:
LEADER 01705nam a2200445 i 4500
001 001575330
003 CZ BrMZK
005 20181206121851.0
007 ta
008 170505t20172017xxka f 001 0 eng
020 |a 978-0-323-37579-5  |q (vázáno) 
040 |a BOA001  |b cze  |e rda 
044 |a xxk  |a at  |a xxc  |a xxu 
072 7 |a 616  |x Patologie. Klinická medicína  |2 Konspekt  |9 14 
080 |a 616-02:616-092.19  |2 MRF 
080 |a 616-092.19  |2 MRF 
080 |a 616-097-092.19+577.27  |2 MRF 
080 |a (048.8:082)  |2 MRF 
100 1 |a O'Hehir, Robyn E.  |q (Elizabeth),  |d 1954-  |7 mzk2017956752  |4 aut 
245 1 0 |a Middleton's allergy essentials /  |c Robyn E. O'Hehir, Stephen T. Holgate, Aziz Sheikh 
250 |a First edtion 
264 1 |a Edinburgh ;  |a London ;  |a New York ;  |a Oxford ;  |a Philadelphia ;  |a St. Louis ;  |a Sydney ;  |a Toronto :  |b Elsevier,  |c [2017] 
264 4 |c ©2017 
300 |a ix, 408 stran :  |b barevné ilustrace ;  |c 29 cm 
336 |a text  |b txt  |2 rdacontent 
337 |a bez média  |b n  |2 rdamedia 
338 |a svazek  |b nc  |2 rdacarrier 
500 |a V publikaci uveden aktivační kód a QR kód ke stažení eknihy 
504 |a Obsahuje bibliografie a rejstřík 
650 0 7 |a alergie  |7 ph118341  |2 czenas 
650 0 7 |a imunitní systém  |7 ph121043  |2 czenas 
650 0 7 |a alergologie  |7 ph118342  |2 czenas 
650 0 7 |a imunologie  |7 ph121051  |2 czenas 
655 7 |a kolektivní monografie  |7 fd501537  |2 czenas 
700 1 |a Holgate, S. T.,  |d 1947-  |7 nlk20050167603  |4 aut 
700 1 |a Sheikh, Aziz  |7 jcu2014808866  |4 aut 
910 |a BOA001  |b 4-1388.293 
990 |a BK 
991 |b 201706  |c NOV 
996 6 |b 2610706555  |c 4-1388.293  |l MZK  |r STM 6p  |n 0  |p kupz  |h 616-09 OHE  |w 001611000  |u 000010  |a 0  |e BOA001  |j MZK50  |s P